Matematikusok a Panteonban. [Röv. hír.]
Elmentve itt :
| Dokumentumtípus: | Cikk |
|---|---|
| Megjelent: |
2000-11-21
|
| Sorozat: | Délmagyarország
90 No. 272 |
| Kulcsszavak: | Kalmár László, emléktábla, Rédei László, emléktábla, Szőkefalvi-Nagy Béla, emléktábla |
| Online Access: | http://dmarchiv.bibl.u-szeged.hu/81166 |
| LEADER | 00497nab a2200145 i 4500 | ||
|---|---|---|---|
| 001 | delm81166 | ||
| 005 | 20191025114822.0 | ||
| 008 | 191025s2000 hu o 0|| hun d | ||
| 040 | |a SZTE Délmagyarország Archívum |b hun | ||
| 041 | |a hun | ||
| 245 | 0 | 0 | |a Matematikusok a Panteonban. [Röv. hír.] |h [elektronikus dokumentum] |
| 260 | |c 2000-11-21 | ||
| 300 | |a 10 | ||
| 490 | 0 | |a Délmagyarország |v 90 No. 272 | |
| 695 | |a Kalmár László, emléktábla, Rédei László, emléktábla, Szőkefalvi-Nagy Béla, emléktábla | ||